000 02674nam a22005177a 4500
003 CHAP
005 20220329135353.0
008 971013s1985 r 00010 d
010 _a35215
011 _a36187
035 _a40306
040 _cCHAP
082 _a972.083
_bM4 1984-85
110 _aMéxico. Presidente,
_d1982-88 (Madrid Hurtado)
_977096
245 _aInforme de gobierno (3o.)
260 _aMéxico, D.F. :
_bPresidencia de la República,
_c1985
300 _a17 v
500 _aSector pesquero.-v.16 Sector salud y seguridad social.- v.17 Sector turismo
505 _aContenido: v.1 Informe.- v.2 Informe complementario.- v.3 Cronología de los avances del poder ejecutivo.- v.4 Administración, procuración de justicia y fuerzas armadas.- v.5 Política económica.- v.6 Política exterior.- v.7 Política regional.- v.8
590 _aBATCH-UPD
_b10
_c20130110
_lUCH01
_h1509
590 _aBATCH-UPD
_b10
_c20130410
_lUCH01
_h0927
590 _aBATCH-UPD
_b10
_c20130914
_lUCH01
_h1739
590 _aBATCH-UPD
_b10
_c20161124
_lUCH01
_h1709
590 _aCONVERSION
_b10
_c20130109
_lUCH01
_h1320
651 4 _aMéxico
_xPolítica y gobierno.
_976783
700 0 _aMadrid Hurtado, Miguel de la.
_969704
901 _aBK
942 _cLIBRO
949 _a972.083 M4 1984-85
_bBC
_cC
_d33724000421608
_eC
_fv.5
_h66066
_i40306
_si
949 _a972.083 M4 1984-85
_bBC
_cC
_d33724000421905
_eC
_fv.11
_h66072
_i40306
_si
949 _a972.083 M4 1984-85
_bBC
_cC
_d33724000652582
_eC
_fv.14
_h66075
_i40306
_si
949 _a972.083 M4 1984-85
_bBC
_cC
_d33724000653192
_eC
_fv.15
_h66076
_i40306
_si
949 _a972.083 M4 1984-85
_bBC
_cC
_d33724000653283
_eC
_fv.1
_h66062
_i40306
_si
949 _a972.083 M4 1984-85
_bBC
_cC
_d33724000653291
_eC
_fv.4
_h66065
_i40306
_si
949 _a972.083 M4 1984-85
_bBC
_cC
_d33724000653317
_eC
_fv.6
_h66067
_i40306
_si
949 _a972.083 M4 1984-85
_bBC
_cC
_d33724000653325
_eC
_fv.7
_h66068
_i40306
_si
949 _a972.083 M4 1984-85
_bBC
_cC
_d33724000653333
_eC
_fv.9
_h66070
_i40306
_si
949 _a972.083 M4 1984-85
_bBC
_cC
_d33724000653341
_eC
_fv.10
_h66071
_i40306
_si
949 _a972.083 M4 1984-85
_bBC
_cC
_d33724000653358
_eC
_fv.12
_h66073
_i40306
_si
949 _a972.083 M4 1984-85
_bBC
_cC
_d33724000653366
_eC
_fv.16
_h66077
_i40306
_si
949 _a972.083 M4 1984-85
_bBC
_cC
_d33724000657441
_eC
_fv.17
_h66078
_i40306
_si
949 _a972.083 M4 1984-85
_bBC
_cC
_d33724000657482
_eC
_fv.13
_h66074
_i40306
_si
949 _a972.083 M4 1984-85
_bBC
_cC
_d33724000657490
_eC
_fv.8
_h66069
_i40306
_si
949 _a972.083 M4 1984-85
_bBC
_cC
_d33724000657508
_eC
_fv.2
_h66063
_i40306
_si
949 _a972.083 M4 1984-85
_bBC
_cC
_d33724000657516
_eC
_fv.3
_h66064
_i40306
_si
999 _c35215
_d35215